<?xml version="1.0" encoding="UTF-8"?>
<record
    xmlns:xsi="http://www.w3.org/2001/XMLSchema-instance"
    xsi:schemaLocation="http://www.loc.gov/MARC21/slim http://www.loc.gov/standards/marcxml/schema/MARC21slim.xsd"
    xmlns="http://www.loc.gov/MARC21/slim">

  <leader>05838nam a2200409 a 4500</leader>
  <controlfield tag="003">CHAP</controlfield>
  <controlfield tag="005">20250605111835.0</controlfield>
  <controlfield tag="007">ta</controlfield>
  <controlfield tag="008">250127s2024    mx abdofom||| 001 0 spa d</controlfield>
  <datafield tag="040" ind1=" " ind2=" ">
    <subfield code="e">rda</subfield>
  </datafield>
  <datafield tag="041" ind1=" " ind2=" ">
    <subfield code="a">spa</subfield>
    <subfield code="b">eng</subfield>
  </datafield>
  <datafield tag="100" ind1="1" ind2=" ">
    <subfield code="a">Campos Herrera, Mar&#xED;a Paula</subfield>
    <subfield code="9">189933</subfield>
  </datafield>
  <datafield tag="240" ind1="1" ind2="0">
    <subfield code="a">Development of a Manual of Good Manufacturing Practices in the packing plant Empacadora C&#xED;tricos de Los Altos S. de R.L. de C.V.</subfield>
    <subfield code="l">Espa&#xF1;ol</subfield>
  </datafield>
  <datafield tag="245" ind1="1" ind2="0">
    <subfield code="a">Elaboraci&#xF3;n de un Manual de Buenas Pr&#xE1;cticas de Manufactura en la Empacadora C&#xED;tricos de los Altos S. de R.L. de C.V /</subfield>
    <subfield code="c">Mar&#xED;a Paula Campos Herrera</subfield>
  </datafield>
  <datafield tag="264" ind1=" " ind2=" ">
    <subfield code="a">Chapingo, M&#xE9;xico :</subfield>
    <subfield code="b">El autor,</subfield>
    <subfield code="c">2024</subfield>
  </datafield>
  <datafield tag="300" ind1=" " ind2=" ">
    <subfield code="a">1 recurso en l&#xED;nea (95 p&#xE1;ginas) :</subfield>
    <subfield code="b">ilustraciones, tablas, gr&#xE1;ficas, mapas, fotograf&#xED;as </subfield>
  </datafield>
  <datafield tag="336" ind1=" " ind2=" ">
    <subfield code="2">rdacontent</subfield>
    <subfield code="a">texto</subfield>
    <subfield code="b">txt</subfield>
  </datafield>
  <datafield tag="337" ind1=" " ind2=" ">
    <subfield code="2">rdamedia</subfield>
    <subfield code="a">computadora</subfield>
    <subfield code="b">c</subfield>
  </datafield>
  <datafield tag="338" ind1=" " ind2=" ">
    <subfield code="2">rdacarrier</subfield>
    <subfield code="a">recurso en l&#xED;nea</subfield>
    <subfield code="b">cr</subfield>
  </datafield>
  <datafield tag="502" ind1=" " ind2=" ">
    <subfield code="a">Informe de Estancia Preprofesional</subfield>
    <subfield code="b">IA</subfield>
    <subfield code="c">Agroindustrias</subfield>
    <subfield code="d">2024</subfield>
    <subfield code="g">LIC</subfield>
  </datafield>
  <datafield tag="504" ind1=" " ind2=" ">
    <subfield code="a">Incluye bibliograf&#xED;as</subfield>
  </datafield>
  <datafield tag="520" ind1="3" ind2=" ">
    <subfield code="a">El presente documento integra los resultados obtenidos en la realizaci&#xF3;n de la Estancia Preprofesional dentro de la Empacadora C&#xED;tricos de los Altos (CDA) S. de R.L. de C.V. ubicada en Mart&#xED;nez de la Torre, Veracruz durante el periodo comprendido del 31 de julio al 30 de noviembre del 2023.CDA es una empresa que cuenta actualmente con dos plantas ubicadas en los Estados de Veracruz y Jalisco; esta empresa se encarga del empaque de lim&#xF3;n persa para exportaci&#xF3;n y venta nacional. La empresa cuenta con un alto potencial de mejora y expansi&#xF3;n, se plantea expandir sus mercados internacionales a Europa y Asia, de ah&#xED; la importancia del cumplimiento de la normativa nacional e internacional, por lo que tenemos como primer filtro las Buenas Pr&#xE1;cticas de Manufactura (BPM) para garantizar la calidad e inocuidad del proceso de empaque del lim&#xF3;n persa. 
Este proyecto presenta Manual de Buenas Pr&#xE1;cticas de Manufactura en la empacadora C&#xED;tricos de los Altos S. de R.L. de C.V. Se enfoca en las partes fundamentales de la empresa para asegurar la calidad e inocuidad en el empaque de lim&#xF3;n persa. Para ello, se inici&#xF3; realizando una auditor&#xED;a interna por medio de una lista de verificaci&#xF3;n de las Disposiciones Generales previstas en la Norma Oficial Mexicana Nom-251-SSA1-2009 para obtener un diagn&#xF3;stico actual de la empresa y de esta manera plantear alternativas de soluci&#xF3;n a los puntos d&#xE9;biles que se detectaron. Para la elaboraci&#xF3;n y redacci&#xF3;n de este documento se recogieron los conceptos fundamentales de las Buenas Pr&#xE1;cticas de Manufactura que est&#xE1; plasmado en el Codex Alimentarius y la NOM-251-SSA1-2009; los cuales son un precedente para garantizar la inocuidad y calidad de un producto alimentario. El &#xE9;xito del cumplimiento de dichas pr&#xE1;cticas exige un compromiso por parte del personal operativo y administrativo, as&#xED; como de la l&#xED;nea jer&#xE1;rquica, para inducir un cambio en el comportamiento dentro de la empresa.</subfield>
  </datafield>
  <datafield tag="520" ind1="3" ind2=" ">
    <subfield code="a">This document integrates the results obtained in the Pre-professional Internship at Empacadora C&#xED;tricos de los Altos (CDA) S. de R.L. de C.V. located in Mart&#xED;nez de la Torre, Veracruz during the period from July 31 to November 30, 2023.CDA is a company that currently has two plants located in the States of Veracruz and Jalisco; this company is responsible for packing Persian lemons for export and domestic sale. The company has a high potential for improvement and expansion, it plans to expand its international markets to Europe and Asia, hence the importance of compliance with national and international regulations, so we have as a first filter the Good Manufacturing Practices (GMP) to ensure the quality and safety of the packing process of Persian lemons. 
This project presents a Manual of Good Manufacturing Practices in the packing plant C&#xED;tricos de los Altos S. de R.L. de C.V. It focuses on the fundamental parts of the company to ensure quality and safety in the packing of Persian lemons.To this end, we began by conducting an internal audit using a checklist of the General Provisions set forth in Mexican Official Standard Nom-251-SSA1-2009 to obtain a current diagnosis of the company and thus propose alternative solutions to the weaknesses detected. For the preparation and drafting of this document, the fundamental concepts of Good Manufacturing Practices as set forth in the Codex Alimentarius and NOM-251-SSA1-2009, which are a precedent for guaranteeing the safety and quality of a food product, were taken into account. Successful compliance with these practices requires a commitment on the part of operational and administrative personnel, as well as the hierarchical line, to induce a change in behavior within the company.</subfield>
  </datafield>
  <datafield tag="650" ind1="1" ind2="3">
    <subfield code="a">Frutos c&#xED;tricos  </subfield>
    <subfield code="2">atg</subfield>
    <subfield code="9">152028</subfield>
    <subfield code="x">Control de calidad</subfield>
  </datafield>
  <datafield tag="650" ind1="1" ind2="3">
    <subfield code="a">Frutos c&#xED;tricos  </subfield>
    <subfield code="2">atg</subfield>
    <subfield code="9">152028</subfield>
    <subfield code="x">Buenas pr&#xE1;cticas de fabricaci&#xF3;n</subfield>
    <subfield code="x">Manuales</subfield>
  </datafield>
  <datafield tag="650" ind1="1" ind2="3">
    <subfield code="a">Frutos c&#xED;tricos  </subfield>
    <subfield code="2">atg</subfield>
    <subfield code="9">152028</subfield>
    <subfield code="x">Buenas pr&#xE1;cticas de higiene</subfield>
    <subfield code="x">Manuales</subfield>
  </datafield>
  <datafield tag="650" ind1="1" ind2="3">
    <subfield code="a">Frutos c&#xED;tricos  </subfield>
    <subfield code="2">atg</subfield>
    <subfield code="9">152028</subfield>
    <subfield code="x">Procedimientos operativos estandarizados de saneamiento</subfield>
    <subfield code="x">Manuales</subfield>
  </datafield>
  <datafield tag="650" ind1="1" ind2="3">
    <subfield code="a">Citrus fruits  </subfield>
    <subfield code="2">atg</subfield>
    <subfield code="9">152026</subfield>
    <subfield code="x">Quality control</subfield>
  </datafield>
  <datafield tag="650" ind1="1" ind2="3">
    <subfield code="a">Citrus fruits  </subfield>
    <subfield code="9">152026</subfield>
    <subfield code="x">Good manufacturing practices</subfield>
    <subfield code="x">Manuals, text-books, etc.</subfield>
  </datafield>
  <datafield tag="650" ind1="1" ind2="3">
    <subfield code="a">Citrus fruits  </subfield>
    <subfield code="2">atg</subfield>
    <subfield code="9">152026</subfield>
    <subfield code="x">Good hygiene practices</subfield>
    <subfield code="x">Manuals, text-books, etc.</subfield>
  </datafield>
  <datafield tag="650" ind1="1" ind2="3">
    <subfield code="a">Citrus fruits  </subfield>
    <subfield code="2">atg</subfield>
    <subfield code="9">152026</subfield>
    <subfield code="x">Sanitation standard operating procedures</subfield>
    <subfield code="x">Manuals, text-books, etc.</subfield>
  </datafield>
  <datafield tag="700" ind1="1" ind2=" ">
    <subfield code="a">Reyna Izaguirre, Diana Am&#xE9;rica</subfield>
    <subfield code="9">147338</subfield>
    <subfield code="e">directora</subfield>
  </datafield>
  <datafield tag="700" ind1="1" ind2=" ">
    <subfield code="a">Maldonado Sim&#xE1;n, Ema de Jes&#xFA;s</subfield>
    <subfield code="9">70136</subfield>
    <subfield code="e">asesora</subfield>
  </datafield>
  <datafield tag="700" ind1="1" ind2=" ">
    <subfield code="a">Mart&#xED;nez Mosqueda, Francisco</subfield>
    <subfield code="9">148600</subfield>
    <subfield code="e">asesor</subfield>
  </datafield>
  <datafield tag="856" ind1=" " ind2=" ">
    <subfield code="y">DESCARGAR PDF</subfield>
    <subfield code="u">http://10.13.5.2/tesis/tl/1810310-5_CAMPOS_HERRERA_MARIAPAULA.pdf</subfield>
  </datafield>
  <datafield tag="942" ind1=" " ind2=" ">
    <subfield code="2">Clasificaci&#xF3;n Universidad Aut&#xF3;noma Chapingo</subfield>
    <subfield code="c">TD</subfield>
  </datafield>
  <datafield tag="999" ind1=" " ind2=" ">
    <subfield code="c">220384</subfield>
    <subfield code="d">220384</subfield>
  </datafield>
  <datafield tag="952" ind1=" " ind2=" ">
    <subfield code="0">0</subfield>
    <subfield code="1">0</subfield>
    <subfield code="2">local</subfield>
    <subfield code="4">0</subfield>
    <subfield code="7">0</subfield>
    <subfield code="8">TesDigL</subfield>
    <subfield code="a">IA_</subfield>
    <subfield code="b">IA_</subfield>
    <subfield code="c">E_L</subfield>
    <subfield code="d">2025-01-27</subfield>
    <subfield code="e">El autor</subfield>
    <subfield code="l">0</subfield>
    <subfield code="p">1201015190</subfield>
    <subfield code="r">2025-01-27 12:05:12</subfield>
    <subfield code="w">2025-01-27</subfield>
    <subfield code="y">TD</subfield>
  </datafield>
  <datafield tag="952" ind1=" " ind2=" ">
    <subfield code="0">0</subfield>
    <subfield code="1">0</subfield>
    <subfield code="2">local</subfield>
    <subfield code="4">0</subfield>
    <subfield code="5">1</subfield>
    <subfield code="7">0</subfield>
    <subfield code="8">TesDigL</subfield>
    <subfield code="a">BD</subfield>
    <subfield code="b">BD</subfield>
    <subfield code="c">E_L</subfield>
    <subfield code="d">2025-06-05</subfield>
    <subfield code="l">0</subfield>
    <subfield code="o">Tesis digital</subfield>
    <subfield code="r">2025-06-05 12:17:50</subfield>
    <subfield code="w">2025-06-05</subfield>
    <subfield code="y">TD</subfield>
  </datafield>
</record>
